[Event "SuperUnited Blitz 2022"]
[Site "Zagreb CRO"]
[Date "2022.07.24"]
[Round "14.3"]
[White "Saric, Ivan"]
[Black "Mamedyarov, Shakhriyar"]
[Result "0-1"]
[WhiteTitle "GM"]
[BlackTitle "GM"]
[WhiteElo "2680"]
[BlackElo "2759"]
[WhiteFideId "14508150"]
[BlackFideId "13401319"]
[EventDate "2022.07.23"]

1. e4 e5 2. Nf3 Nc6 3. Bb5 a6 4. Ba4 Nf6 5. d3 b5 6. Bb3 Bc5 7. Bg5 h6 8. Bh4
Be7 9. Nc3 d6 10. Bxf6 Bxf6 11. a4 Rb8 12. axb5 axb5 13. Nd5 O-O 14. O-O g6 15.
c3 Bg7 16. h3 Kh8 17. d4 f5 18. exf5 gxf5 19. dxe5 dxe5 20. Re1 e4 21. Nh2 Ne5
22. Nf4 Qg5 23. Qc1 b4 24. Rb1 c5 25. Bd5 c4 26. h4 Qxh4 27. Qe3 Qg5 28. cxb4
Nd3 29. g3 Be5 30. Nxd3 Qxe3 31. Nxe5 Qg5 32. Nf7+ Rxf7 33. Bxf7 Rxb4 34. Rbd1
Qf6 35. Bd5 Qxb2 36. Bxe4 fxe4 37. Rd8+ Kg7 38. Rxc8 Qd2 39. Ra1 Qd7 40. Rca8 c3
41. Nf1 c2 42. Rc1 Rb1 43. Ra1 Rxc1 44. Rxc1 Qd1 0-1

[Event "SuperUnited Blitz 2022"]
[Site "Zagreb CRO"]
[Date "2022.07.24"]
[Round "14.4"]
[White "Dominguez Perez, Leinier"]
[Black "Van Foreest, Jorden"]
[Result "0-1"]
[WhiteTitle "GM"]
[BlackTitle "GM"]
[WhiteElo "2754"]
[BlackElo "2678"]
[WhiteFideId "3503240"]
[BlackFideId "1039784"]
[EventDate "2022.07.23"]

1. e4 c6 2. d4 d5 3. e5 Bf5 4. Nd2 e6 5. Nb3 Nd7 6. Nf3 Qc7 7. Be2 c5 8. c3 c4
9. Nbd2 h6 10. Nf1 Ne7 11. Ne3 Bh7 12. g3 b5 13. O-O Nc6 14. Nh4 Be7 15. Nhg2 a5
16. f4 f5 17. g4 g6 18. Bd2 a4 19. b3 axb3 20. axb3 Rxa1 21. Qxa1 O-O 22. bxc4
bxc4 23. Kh1 Kh8 24. Be1 Na5 25. gxf5 gxf5 26. Bh4 Bxh4 27. Nxh4 Nb3 28. Qe1 Rg8
29. Bh5 Nf8 30. Rg1 Qe7 31. Rg3 Rg7 32. Rxg7 Qxg7 33. Qg1 Qa7 34. Bg6 Nd2 35.
Bxh7 Kxh7 36. Qc1 Ne4 37. Qb2 Qe7 38. Nf3 Ng6 39. Ng2 Qa7 40. h4 Qe7 41. h5 Ng3+
42. Kh2 Nxh5 43. Qd2 Qg7 44. Qc1 Ngxf4 0-1

[Event "SuperUnited Blitz 2022"]
[Site "Zagreb CRO"]
[Date "2022.07.24"]
[Round "14.5"]
[White "So, Wesley"]
[Black "Topalov, Veselin"]
[Result "1-0"]
[WhiteTitle "GM"]
[BlackTitle "GM"]
[WhiteElo "2773"]
[BlackElo "2728"]
[WhiteFideId "5202213"]
[BlackFideId "2900084"]
[EventDate "2022.07.23"]

1. e4 c5 2. Nf3 d6 3. Bb5+ Nd7 4. a4 Nf6 5. Nc3 a6 6. Be2 e6 7. a5 Be7 8. O-O
O-O 9. Re1 Qc7 10. d4 cxd4 11. Nxd4 Rb8 12. Nb3 Rd8 13. Bd3 Ne5 14. Be3 Nfd7 15.
Na4 Re8 16. Qe2 Bf6 17. Ba7 Ra8 18. Bd4 Nc6 19. Bxf6 Nxf6 20. Qd2 Bd7 21. Nb6
Rad8 22. Rad1 Ne5 23. f4 Nxd3 24. cxd3 Bc6 25. Nd4 Nd7 26. Nxd7 Bxd7 27. Rc1 Qb8
28. Qb4 e5 29. Ne2 Bg4 30. Nc3 exf4 31. Nd5 f3 32. gxf3 Bxf3 33. Rc7 Bg4 34.
Rec1 Rd7 35. Qc3 Qd8 36. Rc8 1-0

[Event "SuperUnited Blitz 2022"]
[Site "Zagreb CRO"]
[Date "2022.07.24"]
[Round "15.1"]
[White "Van Foreest, Jorden"]
[Black "Vachier-Lagrave, Maxime"]
[Result "0-1"]
[WhiteTitle "GM"]
[BlackTitle "GM"]
[WhiteElo "2678"]
[BlackElo "2760"]
[WhiteFideId "1039784"]
[BlackFideId "623539"]
[EventDate "2022.07.23"]

1. d4 d5 2. c4 dxc4 3. Nf3 Nf6 4. e3 e6 5. Bxc4 a6 6. O-O c5 7. e4 b5 8. Bd3 Bb7
9. Nc3 c4 10. Bc2 b4 11. e5 Nd5 12. Ne4 Nd7 13. Nfg5 Be7 14. Qh5 g6 15. Qh6 Qb6
16. Qg7 Rf8 17. Nxh7 Qxd4 18. Bg5 Qxe5 19. Qxe5 Nxe5 20. Ba4+ Bc6 21. Bxc6+ Nxc6
22. Nxf8 Kxf8 23. Rac1 f5 24. Bxe7+ Kxe7 25. Nd2 c3 26. bxc3 bxc3 27. Nb3 Ncb4
28. a3 Nd3 29. Rcd1 Nb2 30. Rc1 Rc8 31. Rc2 e5 32. Rfc1 Kd6 33. Kf1 Rc4 34. Rb1
Ra4 35. Nd2 Nd3 36. Rb3 Rf4 37. Nb1 Ne3+ 38. Ke2 Nxc2 39. Kxd3 Nd4 40. Rxc3 Rxf2
41. Nd2 Rxg2 42. Rc8 Rxh2 43. Nc4+ Kd7 44. Rg8 Rh3+ 45. Kd2 Nf3+ 46. Kc3 g5 47.
Kb4 e4 48. Kc5 Ke6 49. Rg6+ Ke7 50. Nd6 Nh4 51. Rxg5 Rc3+ 52. Kb4 Rf3 53. Nc4
Kf6 54. Rg8 e3 55. Rf8+ Kg5 56. Kc3 f4 57. Rg8+ Kf6 58. Rf8+ Ke7 59. Rg8 Nf5 60.
Kd3 Rf2 61. Rg1 e2 62. Ke4 Rf1 0-1

[Event "SuperUnited Blitz 2022"]
[Site "Zagreb CRO"]
[Date "2022.07.24"]
[Round "15.5"]
[White "So, Wesley"]
[Black "Saric, Ivan"]
[Result "1-0"]
[WhiteTitle "GM"]
[BlackTitle "GM"]
[WhiteElo "2773"]
[BlackElo "2680"]
[WhiteFideId "5202213"]
[BlackFideId "14508150"]
[EventDate "2022.07.23"]

1. c4 g6 2. g3 Bg7 3. Bg2 c5 4. Nc3 Nc6 5. e3 Bxc3 6. dxc3 d6 7. e4 Qd7 8. a4 b6
9. Nf3 Bb7 10. O-O e5 11. Ne1 a5 12. Nc2 Nge7 13. Bh6 Rg8 14. Bg5 O-O-O 15. b4
Qe6 16. bxc5 dxc5 17. Qe2 f6 18. Bc1 f5 19. Rb1 Nb8 20. Bg5 Nd7 21. Ne3 Nf6 22.
Nd5 Nexd5 23. cxd5 Qd6 24. Qc2 fxe4 25. Rb2 Rdf8 26. c4 Kc7 27. Rfb1 Nd7 28.
Qxe4 Rf5 29. Bd2 Ba6 30. Bh3 Rgf8 31. Bxf5 gxf5 32. Qh4 Rb8 33. Qxh7 Bxc4 34.
Bxa5 Bd3 35. Bxb6+ Rxb6 36. Rxb6 Qxd5 37. Rb7+ 1-0

[Event "SuperUnited Blitz 2022"]
[Site "Zagreb CRO"]
[Date "2022.07.24"]
[Round "16.1"]
[White "Vachier-Lagrave, Maxime"]
[Black "Topalov, Veselin"]
[Result "1-0"]
[WhiteTitle "GM"]
[BlackTitle "GM"]
[WhiteElo "2760"]
[BlackElo "2728"]
[WhiteFideId "623539"]
[BlackFideId "2900084"]
[EventDate "2022.07.23"]

1. e4 c6 2. d4 d5 3. exd5 cxd5 4. Bd3 Nc6 5. c3 g6 6. Nf3 Bg7 7. h3 Nh6 8. O-O
O-O 9. Re1 a6 10. a4 f6 11. Bc2 Nf7 12. Be3 e5 13. dxe5 fxe5 14. Bb3 Be6 15.
Nbd2 Re8 16. Nf1 Rc8 17. Ng3 Na5 18. Ba2 Nc4 19. Bxc4 Rxc4 20. Qd2 Qc8 21. Ng5
Nxg5 22. Bxg5 h5 23. Re2 Kh7 24. Rae1 Bf7 25. Kh2 Qc6 26. a5 Qc7 27. h4 Qxa5 28.
f3 Qc7 29. Nf1 d4 30. Ng3 dxc3 31. bxc3 e4 32. Rxe4 Rexe4 33. Rxe4 Rxe4 34. fxe4
Bxc3 35. Qf2 Be5 36. Bf6 Kg8 37. Bxe5 Qxe5 38. Qb6 Qe7 39. Kg1 Qxh4 40. Qc7 Qg5
41. Nf1 b5 42. Qc8+ Kg7 43. Qxa6 Qc5+ 44. Kh2 b4 45. Qa1+ Qc3 46. Qa5 Qd4 47.
Qg5 Qf6 48. Qb5 b3 49. e5 Qf4+ 50. Kg1 Bc4 51. Qd7+ Kh6 52. Nd2 b2 53. Qd8 Qe3+
54. Kh1 Qe1+ 55. Kh2 Qxe5+ 56. Kg1 Ba2 57. Qf8+ Kg5 58. Nf3+ 1-0

[Event "SuperUnited Blitz 2022"]
[Site "Zagreb CRO"]
[Date "2022.07.24"]
[Round "16.2"]
[White "Nepomniachtchi, Ian"]
[Black "Van Foreest, Jorden"]
[Result "1-0"]
[WhiteTitle "GM"]
[BlackTitle "GM"]
[WhiteElo "2766"]
[BlackElo "2678"]
[WhiteFideId "4168119"]
[BlackFideId "1039784"]
[EventDate "2022.07.23"]

1. c4 Nf6 2. g3 g6 3. Bg2 Bg7 4. d4 O-O 5. Nf3 d6 6. O-O Bf5 7. b3 Nc6 8. Bb2 a5
9. d5 Nb4 10. Nd4 Be4 11. Nc3 Bxg2 12. Kxg2 Qd7 13. a3 Na6 14. Qc2 e5 15. Nf3
Ng4 16. h3 Nh6 17. Rab1 Qe7 18. Bc1 Rae8 19. e4 f5 20. Bxh6 Bxh6 21. b4 axb4 22.
axb4 Rf7 23. exf5 gxf5 24. Rfe1 Qf6 25. Nd4 Kh8 26. Ne6 c6 27. b5 Nc7 28. Nxc7
Rxc7 29. bxc6 bxc6 30. dxc6 Rxc6 31. Rb7 Qe6 32. Ra1 Bg5 33. Raa7 Re7 34. Qb3 1-0

[Event "SuperUnited Blitz 2022"]
[Site "Zagreb CRO"]
[Date "2022.07.24"]
[Round "16.3"]
[White "Mamedyarov, Shakhriyar"]
[Black "Carlsen, Magnus"]
[Result "1/2-1/2"]
[WhiteTitle "GM"]
[BlackTitle "GM"]
[WhiteElo "2759"]
[BlackElo "2864"]
[WhiteFideId "13401319"]
[BlackFideId "1503014"]
[EventDate "2022.07.23"]

1. d4 d5 2. c4 c6 3. Nf3 Nf6 4. Nc3 e6 5. e3 Nbd7 6. Bd3 dxc4 7. Bxc4 b5 8. Bd3
Bd6 9. O-O O-O 10. b3 Bb7 11. Bb2 a6 12. a4 b4 13. Ne4 Nxe4 14. Bxe4 Nf6 15. Bd3
c5 16. Rc1 cxd4 17. Bxd4 Qe7 18. Bb2 Rfd8 19. Qe2 Nd5 20. Nd4 Nc3 21. Bxc3 bxc3
22. Rxc3 a5 23. f4 g6 24. Nc6 Bxc6 25. Rxc6 Rac8 26. Rxc8 Rxc8 27. Bc4 Rd8 28.
Qf3 Bc5 29. Kh1 Kg7 30. e4 Qf6 31. f5 exf5 32. exf5 g5 33. h3 Re8 34. Bxf7 Re3
35. Qh5 Qxf7 36. f6+ Kf8 37. Qh6+ Ke8 38. Qxg5 Ba7 39. Qxa5 Kf8 40. Qb4+ Kg8 41.
Qg4+ Kh8 42. Rc1 Re8 43. Rc8 Rxc8 44. Qxc8+ Qg8 45. Qd7 Bc5 46. b4 Bf8 47. b5
Qb3 48. Qd4 Kg8 49. b6 Kf7 50. a5 Qb5 51. Qf4 Bc5 52. Qf5 Qxa5 53. Qxh7+ Kxf6
54. Qh4+ Kf7 55. Qf4+ Ke6 56. Qe4+ Kd6 57. b7 Kc7 58. Qb1 Kb8 59. Qd1 Qc7 60.
Qe2 Bd6 61. Qe8+ Kxb7 62. Qb5+ Ka7 63. Qa4+ Kb7 64. Qb5+ Ka7 65. Qa4+ 1/2-1/2

[Event "SuperUnited Blitz 2022"]
[Site "Zagreb CRO"]
[Date "2022.07.24"]
[Round "16.5"]
[White "Dominguez Perez, Leinier"]
[Black "So, Wesley"]
[Result "1-0"]
[WhiteTitle "GM"]
[BlackTitle "GM"]
[WhiteElo "2754"]
[BlackElo "2773"]
[WhiteFideId "3503240"]
[BlackFideId "5202213"]
[EventDate "2022.07.23"]

1. e4 e5 2. Nf3 Nc6 3. Bb5 Nf6 4. O-O Nxe4 5. Re1 Nd6 6. Nxe5 Be7 7. Bf1 Nxe5 8.
Rxe5 O-O 9. d4 Bf6 10. Re1 Re8 11. Bf4 Rxe1 12. Qxe1 Ne8 13. Nc3 Bxd4 14. Nd5 c6
15. Ne7+ Kf8 16. Nxc8 Qf6 17. Rd1 Rxc8 18. Qe4 Bc5 19. Rxd7 Rd8 20. Rxd8 Qxd8
21. Qf5 Bb6 22. c3 Qf6 23. Bd3 Qxf5 24. Bxf5 Bc7 25. Bg5 h5 26. h3 g6 27. Bd3
Ng7 28. Bh6 f5 29. Bc4 Be5 30. Be3 b6 31. a4 f4 32. Bd2 Ke7 33. Bd3 Kf6 34. Be4
c5 35. Kf1 Nf5 36. Ke2 Nd6 37. Bd5 g5 38. Kd3 g4 39. hxg4 hxg4 40. b4 cxb4 41.
cxb4 Nf5 42. a5 g3 43. fxg3 Nxg3 44. Kc4 Nf5 45. Kb5 bxa5 46. bxa5 Ne3 47. Bf3
Bd4 48. Bb4 Ke5 49. Bc5 Bxc5 50. Kxc5 Ke6 51. Kb5 Kd6 52. Ka6 Nc4 53. Be2 Ne3
54. Kxa7 Kc7 55. Bf3 Nc4 56. Ka6 Nd6 57. Bd5 Nf5 58. Kb5 Ne3 59. Bf3 Kb8 60. Kb6
Nc4+ 61. Ka6 Ne3 62. Be4 Nc4 63. Bd5 Ne3 64. Bc6 Nc4 65. Kb5 Nd6+ 66. Kc5 Nf5
67. Be4 Ne3 68. Kb6 Nc4+ 69. Ka6 Ne3 70. Bf3 Nc4 71. Kb5 Ne3 72. Ka6 Nc4 73. Bc6
Kc7 74. Bd5 Ne3 75. Be4 Kb8 76. Bf3 Nc4 77. Kb5 Ne3 78. Kb6 Nc4+ 79. Ka6 Ne3 80.
Be4 Nc4 81. Bd5 Ne3 82. Bf3 Nc4 83. Kb5 Ne3 84. Kb6 Nc4+ 85. Kc5 Nxa5 86. Bd5
Kc7 87. Kd4 Kd6 88. Ke4 Kc5 89. Ke5 Kb5 90. Kxf4 1-0

[Event "SuperUnited Blitz 2022"]
[Site "Zagreb CRO"]
[Date "2022.07.24"]
[Round "17.2"]
[White "Topalov, Veselin"]
[Black "Nepomniachtchi, Ian"]
[Result "1/2-1/2"]
[WhiteTitle "GM"]
[BlackTitle "GM"]
[WhiteElo "2728"]
[BlackElo "2766"]
[WhiteFideId "2900084"]
[BlackFideId "4168119"]
[EventDate "2022.07.23"]

1. e4 e5 2. Nf3 Nf6 3. Nxe5 d6 4. Nf3 Nxe4 5. d3 Nf6 6. d4 d5 7. Bd3 Bd6 8. O-O
O-O 9. Bg5 Bg4 10. Nbd2 Nbd7 11. c4 h6 12. Bh4 Bf4 13. h3 dxc4 14. Nxc4 Bh5 15.
Re1 Re8 16. g4 Rxe1+ 17. Nxe1 Bg6 18. Qf3 Bd6 19. Qxb7 Bxd3 20. Nxd3 Nb6 21.
Nxb6 axb6 22. Bxf6 gxf6 23. Qc6 Kg7 24. a4 h5 25. b4 hxg4 26. hxg4 Qh8 27. Qf3
Qh2+ 28. Kf1 Rh8 29. Ke2 c5 30. bxc5 bxc5 31. dxc5 Be5 32. Rb1 Bd4 33. Qe4 Bc3
34. c6 Qd6 35. Rc1 Ba5 36. Rh1 Rxh1 37. Qxh1 Qe6+ 38. Kf1 Qc4 39. Qf3 Qxa4 40.
Kg2 Bc7 41. Nc1 Qc2 42. Ne2 Be5 43. Ng3 Bxg3 44. Kxg3 Qc4 45. Kh4 Qc2 46. Kg3
Qc1 47. Qe4 Qg1+ 48. Kf3 Qh1+ 49. Kf4 Qc1+ 50. Kf3 Qc3+ 51. Ke2 Qc5 52. Kd3 Qa3+
53. Kd4 Qa5 54. f3 Qb5 55. Qd5 Qb4+ 56. Qc4 Qd6+ 57. Kc3 Qa3+ 58. Kc2 Qxf3 59.
c7 Qf2+ 60. Kb3 Qb6+ 61. Kc3 Qe3+ 62. Kc2 Qf2+ 63. Kb1 Qg1+ 64. Kb2 Qb6+ 65. Ka2
Qa7+ 66. Kb3 Qb6+ 67. Ka4 Qa7+ 68. Kb3 Qb6+ 69. Kc3 Qe3+ 70. Kc2 1/2-1/2

[Event "SuperUnited Blitz 2022"]
[Site "Zagreb CRO"]
[Date "2022.07.24"]
[Round "17.3"]
[White "Van Foreest, Jorden"]
[Black "Mamedyarov, Shakhriyar"]
[Result "1/2-1/2"]
[WhiteTitle "GM"]
[BlackTitle "GM"]
[WhiteElo "2678"]
[BlackElo "2759"]
[WhiteFideId "1039784"]
[BlackFideId "13401319"]
[EventDate "2022.07.23"]

1. e4 e5 2. Nf3 Nc6 3. Bc4 Bc5 4. c3 Nf6 5. d3 O-O 6. O-O d5 7. exd5 Nxd5 8. Re1
Bg4 9. Nbd2 Nb6 10. h3 Bh5 11. Bb3 Kh8 12. Ne4 Nd7 13. Ng3 Bxf3 14. Qxf3 f5 15.
d4 exd4 16. Bf4 dxc3 17. bxc3 g5 18. Bc1 g4 19. Qd5 Qh4 20. Qxd7 Qxg3 21. Be3
Qd6 22. Rad1 Qxd7 23. Rxd7 Rae8 24. Rxc7 f4 25. Bxc5 Rxe1+ 26. Kh2 Rf5 27. Rc8+
Kg7 28. Rg8+ Kh6 29. Bf8+ Rxf8 30. Rxf8 gxh3 31. gxh3 Rc1 32. Rxf4 Rxc3 33. Rf7
Na5 34. Bd5 Kg6 35. Rd7 h6 36. Be4+ Kf6 37. Bxb7 Nxb7 38. Rxb7 Ra3 39. Rb2 Kf5
40. Kg2 Kf4 41. Rc2 a5 42. Rc5 Rxa2 43. Rh5 a4 44. Rxh6 Kg5 45. Ra6 a3 46. Ra5+
Kg6 47. Kg3 Ra1 48. Kf4 a2 49. Ra6+ Kg7 50. Kf5 Rh1 51. Ra7+ Kf8 52. Rxa2 Rxh3
53. Kg5 Rf3 54. Kg6 Ke7 55. Re2+ Kf8 56. Re5 Rxf2 57. Rf5+ Rxf5 58. Kxf5 1/2-1/2

[Event "SuperUnited Blitz 2022"]
[Site "Zagreb CRO"]
[Date "2022.07.24"]
[Round "17.5"]
[White "Dominguez Perez, Leinier"]
[Black "Saric, Ivan"]
[Result "1/2-1/2"]
[WhiteTitle "GM"]
[BlackTitle "GM"]
[WhiteElo "2754"]
[BlackElo "2680"]
[WhiteFideId "3503240"]
[BlackFideId "14508150"]
[EventDate "2022.07.23"]

1. e4 c5 2. Nf3 d6 3. d4 cxd4 4. Nxd4 Nf6 5. Nc3 Nc6 6. h3 e5 7. Nf3 Be7 8. Bc4
O-O 9. a3 Be6 10. Ba2 h6 11. O-O Bxa2 12. Rxa2 Rc8 13. Qd3 a6 14. Rd1 Qc7 15.
Ra1 Rfd8 16. Be3 Na5 17. Nd2 b5 18. Rac1 Qb7 19. Nf1 Nc4 20. Rb1 a5 21. Nd5 Nxd5
22. Qxd5 Qb8 23. Qd3 b4 24. axb4 Qxb4 25. b3 Na3 26. Bd2 Qc5 27. Rbc1 d5 28.
exd5 Rxd5 29. Qe4 Rcd8 30. Be3 Qd6 31. Rxd5 Qxd5 32. Qa4 Rc8 33. c4 Qb7 34. Qxa5
Qxb3 35. Qxe5 Bf8 36. Nd2 Qd3 37. c5 Nc2 38. Nf1 Nxe3 39. Nxe3 Qd2 40. Rc2 Qe1+
41. Kh2 Qa5 42. Nf5 Rxc5 43. Rxc5 Qxc5 44. Qxc5 Bxc5 45. f3 Bf8 46. Kh1 g6 47.
Ng3 h5 48. Ne2 Bd6 49. g4 hxg4 50. hxg4 Kg7 51. Kg2 Kf6 52. f4 Ke6 53. Kf3 Kd5
54. Nc3+ Ke6 55. Ne2 Kd5 56. Nc3+ Ke6 57. Ne2 Kd5 1/2-1/2

[Event "SuperUnited Blitz 2022"]
[Site "Zagreb CRO"]
[Date "2022.07.24"]
[Round "18.1"]
[White "Vachier-Lagrave, Maxime"]
[Black "Dominguez Perez, Leinier"]
[Result "1-0"]
[WhiteTitle "GM"]
[BlackTitle "GM"]
[WhiteElo "2760"]
[BlackElo "2754"]
[WhiteFideId "623539"]
[BlackFideId "3503240"]
[EventDate "2022.07.23"]

1. e4 e5 2. Nf3 Nf6 3. Nxe5 d6 4. Nf3 Nxe4 5. d4 d5 6. Bd3 Nc6 7. O-O Be7 8. c4
Nb4 9. Be2 O-O 10. Nc3 Bf5 11. a3 Nxc3 12. bxc3 Nc6 13. cxd5 Qxd5 14. Re1 Rfe8
15. Bf4 Rac8 16. Bf1 Bd6 17. Rxe8+ Rxe8 18. c4 Qe4 19. Bxd6 cxd6 20. Qd2 Qc2 21.
Qf4 h6 22. h3 Qb2 23. Rd1 Bc2 24. Qd2 Qb3 25. Rc1 Be4 26. Rc3 Qb6 27. Re3 Re7
28. Qe1 Bxf3 29. Rxe7 Nxe7 30. Qxe7 Bh5 31. Bd3 Bg6 32. Bxg6 fxg6 33. Qe4 Kh7
34. h4 h5 35. g4 Qa5 36. c5 dxc5 37. d5 Qa6 38. gxh5 Qf6 39. Kf1 Kh6 40. hxg6
Qxg6 41. Qe3+ Kh7 42. Qxc5 Qd3+ 43. Ke1 b6 44. Qc6 Qe4+ 45. Kd2 Qd4+ 46. Kc1
Qa1+ 47. Kc2 Qa2+ 48. Kd3 Qb3+ 49. Ke4 Qb1+ 50. Ke5 Qb2+ 51. Kd6 Qxa3+ 52. Kc7
Qe7+ 53. Kb8 Qd8+ 54. Kxa7 b5 55. d6 b4 56. Qe4+ Kh6 57. Qxb4 Qd7+ 58. Kb6 Qd8+
59. Kc5 Qc8+ 60. Kd4 Qg4+ 61. Kc3 Qf3+ 62. Kc2 Qf5+ 63. Kc1 Qd5 64. Qd2+ 1-0

[Event "SuperUnited Blitz 2022"]
[Site "Zagreb CRO"]
[Date "2022.07.24"]
[Round "18.2"]
[White "Nepomniachtchi, Ian"]
[Black "So, Wesley"]
[Result "1-0"]
[WhiteTitle "GM"]
[BlackTitle "GM"]
[WhiteElo "2766"]
[BlackElo "2773"]
[WhiteFideId "4168119"]
[BlackFideId "5202213"]
[EventDate "2022.07.23"]

1. c4 Nf6 2. g3 c5 3. Bg2 Nc6 4. Nf3 d5 5. cxd5 Nxd5 6. Nc3 g6 7. h4 Bg7 8. h5
Bf5 9. h6 Bf6 10. O-O O-O 11. Nh2 Nb6 12. Ne4 Bxe4 13. Bxe4 Qd7 14. Bg2 c4 15.
Nf3 Rfd8 16. Qc2 Rac8 17. Qe4 Qd5 18. Qxd5 Nxd5 19. Rb1 Ncb4 20. a3 Na2 21. e3
a5 22. d4 c3 23. e4 cxb2 24. Bxb2 Ndc3 25. e5 Nxb1 26. exf6 Nbc3 27. fxe7 Re8
28. Re1 Na4 29. d5 Nxb2 30. d6 Nd3 31. Re3 Nc5 32. Ne5 b5 33. Bd5 Nc1 34. Bxf7+
Kh8 35. Bxe8 Rxe8 36. d7 1-0

[Event "SuperUnited Blitz 2022"]
[Site "Zagreb CRO"]
[Date "2022.07.24"]
[Round "18.3"]
[White "Mamedyarov, Shakhriyar"]
[Black "Topalov, Veselin"]
[Result "1-0"]
[WhiteTitle "GM"]
[BlackTitle "GM"]
[WhiteElo "2759"]
[BlackElo "2728"]
[WhiteFideId "13401319"]
[BlackFideId "2900084"]
[EventDate "2022.07.23"]

1. d4 d5 2. c4 e6 3. Nc3 Nf6 4. cxd5 Nxd5 5. e4 Nxc3 6. bxc3 c5 7. Nf3 cxd4 8.
cxd4 Bb4+ 9. Bd2 Bxd2+ 10. Qxd2 O-O 11. Bc4 Nd7 12. O-O b6 13. Rad1 Bb7 14. Rfe1
Rc8 15. Bb3 Re8 16. d5 exd5 17. Nd4 g6 18. Nb5 Nc5 19. e5 Ne4 20. Qf4 Qd7 21.
Nxa7 Ra8 22. Rxe4 Rxa7 23. h4 Ra5 24. Re3 Qe7 25. h5 Rc5 26. h6 Rd8 27. Rf3 Bc8
28. Qb4 Qc7 29. Qh4 Rc6 30. Bxd5 Bf5 31. Qxd8+ 1-0

[Event "SuperUnited Blitz 2022"]
[Site "Zagreb CRO"]
[Date "2022.07.24"]
[Round "18.5"]
[White "Saric, Ivan"]
[Black "Carlsen, Magnus"]
[Result "1-0"]
[WhiteTitle "GM"]
[BlackTitle "GM"]
[WhiteElo "2680"]
[BlackElo "2864"]
[WhiteFideId "14508150"]
[BlackFideId "1503014"]
[EventDate "2022.07.23"]

1. e4 e5 2. Nf3 Nc6 3. Bb5 a6 4. Ba4 Nf6 5. O-O Be7 6. Re1 d6 7. c3 O-O 8. h3
Nd7 9. d4 Bf6 10. Be3 b5 11. Bc2 exd4 12. cxd4 Nb4 13. Bb3 c5 14. a3 Nc6 15. Nc3
c4 16. Bc2 g6 17. Nd5 Bg7 18. Bg5 f6 19. Bf4 Ndb8 20. b3 cxb3 21. Bxb3 Kh8 22.
Rc1 Ra7 23. Qd2 Be6 24. Ba2 Bg8 25. Rc2 Ne7 26. Qb4 Rd7 27. Nxe7 Qxe7 28. Bxg8
Rxg8 29. d5 Re8 30. Nd4 f5 31. Ne6 fxe4 32. Rxe4 Qf6 33. Bxd6 Qf5 34. Nxg7 Qxe4
35. Nxe8 Qxe8 36. Qd4+ Kg8 37. Bb4 h5 38. Bc3 Kh7 39. Re2 Qg8 40. Qf6 Rf7 41.
Re7 Rxe7 42. Qxe7+ Kh6 43. Bd2+ g5 44. h4 Qxd5 45. Bxg5+ Kg6 46. Qe8+ 1-0